| 000 | 00658nam a22002057a 4500 | ||
|---|---|---|---|
| 005 | 20240411101940.0 | ||
| 008 | 240411b ||||| |||| 00| 0 eng d | ||
| 020 | _a9789352864867 | ||
| 040 | _cAIMIT LIBRARY | ||
| 082 |
_25 _a332.1 _bPATB |
||
| 100 |
_aPathak, Bharati V. _9159545 |
||
| 245 |
_aIndian financial system : _bmarkets, institutions and services / _cBy Bharati V Pathak. |
||
| 250 | _a5th ed. | ||
| 260 |
_aChennai : _bPearson , _c2023. |
||
| 300 |
_axxxi,876p. ; _bPB _c27.8 cm |
||
| 650 |
_aFinancial markets _9159546 |
||
| 650 |
_aFinancial institutions _9159547 |
||
| 650 |
_aFinancial services _9159548 |
||
| 942 |
_2ddc _cBK _e5th _k332.1 PATB |
||
| 999 |
_c230697 _d230697 |
||